000 00798nam a2200241 a 4500
001 BRCA_8088
005 20190320210127.0
008 040414s1931----gw-a###f##---#000-0#ger-#
041 _ager
044 _agw
050 4 _aN5208.5
_b.G623
245 1 0 _aDie sammlung Erich von Goldschmidt-Rotschild
_ceingeleitet und beschrieben von L. Schnorr von Carolsfeld.
260 _aBerlin
_bHerman Ball & Paul Graupe
_c1931
300 _a190 p.
_bil.
_c31 cm.
500 _aY120
600 1 4 _aGoldschmidt-Rotschild, Erich von
_cbarón
_d1894-1987
_920111
650 1 4 _aObjetos de arte
_vSubastas
_920112
650 1 4 _aObjetos de arte
_vCatálogos
_911735
650 1 4 _aObjetos de arte
_vColeccionistas y colecciones
_919093
700 1 _aCarolsfeld, L. Schnorr von
_920113
902 _aGFM
942 _2lcc
_cB
999 _c7756
_d7756